| 000 | 01422cam a22002771i 4500 | ||
|---|---|---|---|
| 003 | SA-RiAUC | ||
| 005 | 20241109110921.0 | ||
| 008 | 241101s1992 ye g 00000 ara c | ||
| 040 |
_aSA-RiAUC _bara _cSA-RiAUC _erda |
||
| 050 | 0 | 0 | _bM34. 1992 |
| 082 | 0 | 4 |
_a251 _qSA-RiAUC |
| 090 |
_a251 _bا ب ن م |
||
| 100 | 1 |
_aابن المرتضى، أحمد بن يحيى. _d775-840 هجري _eمؤلف. |
|
| 245 | 1 | 0 |
_aمنهاج الوصول إلى معيار العقول في علم الأصول / _cالمهدي لدين الله أحمد بن يحيى بن المرتضي ؛ دراسة وتحقيق أحمد علي مطهر الماخذي. |
| 250 | _aالطبعة الأولى. | ||
| 264 | 1 |
_aصنعاء : _bدار الحكمة اليمانية للطباعة والنشر والتوزيع والإعلان، _c1992 |
|
| 300 |
_a960 صفحة ؛ _c24 سم |
||
| 336 |
_aنص _btxt _2rdacontent _3كتاب |
||
| 337 |
_aبدون وسيط _bn _2rdamedia |
||
| 338 |
_aمجلد _bnc _2rdacarrier |
||
| 650 | 7 |
_aأصول الفقه الإسلامي _2aucsh |
|
| 700 | 1 |
_aالمأخذي، أحمد علي مطهر _eمحقق. |
|
| 700 | 1 | 2 |
_iتحقيق لـ (عمل) : _aالمهدي لدين الله، أحمد بن يحيى بن المرتضى، _d775-840 هجري _tمنهاج الوصول إلى معيار العقول في علم الأصول |
| 942 |
_2ddc _cBOOK _n0 |
||
| 949 |
_aSA-JeALM _d241101 _umohamedma123 _n1 |
||
| 999 |
_c2205 _d2205 |
||